[Event "HUN-chT2 Asztalos 0203"]
[Site "Hungary"]
[Date "2003.04.13"]
[Round "11"]
[White "Adzic, Slobodan"]
[Black "Baki, Peter"]
[Result "1-0"]
[WhiteElo "2202"]
[BlackElo "2171"]
[PlyCount "80"]
[EventDate "2002.09.22"]
[EventType "team"]
[EventRounds "11"]
[EventCountry "HUN"]
[SourceTitle "EXT 2009"]
[Source "ChessBase"]
[SourceDate "2008.11.26"]
[SourceVersion "1"]
[SourceVersionDate "2008.11.26"]
[SourceQuality "1"]

1. e4 c5 2. Nf3 d6 3. d4 cxd4 4. Nxd4 Nf6 5. Nc3 a6 6. g3 e6 7. Bg2 Qc7 8. Be3 Nc6 9. 0-0 Be7 10. a4 Bd7 11. f4 Rc8 12. Kh1 0-0 13. Nb3 Rfd8 14. a5 Re8 15. g4 d5 16. Bb6 Qd6 17. e5 Nxe5 18. fxe5 Qxe5 19. h3 Bd6 20. Bg1 Bc6 21. Nd4 Ne4 22. Nxe4 dxe4 23. Nxc6 Rxc6 24. c3 f5 25. gxf5 exf5 26. Qb3+ Kh8 27. Qf7 Rf8 28. Qxb7 Rc5 29. Qxa6 Rd5 30. Qe2 Rd3 31. a6 f4 32. Bd4 f3 33. Bxf3 Qg3 34. Bg4 Rdf3 35. Bg1 h5 36. Rxf3 exf3 37. Qf2 hxg4 38. Qxg3 Bxg3 39. a7 Bb8 40. a8Q g3 1-0

[Event "HUN-chT2 Asztalos 0203"]
[Site "Hungary"]
[Date "2003.03.02"]
[Round "8"]
[White "Baki, Peter"]
[Black "Kohalmi, Endre"]
[Result "1-0"]
[WhiteElo "2171"]
[BlackElo "2111"]
[PlyCount "59"]
[EventDate "2002.09.22"]
[EventType "team"]
[EventRounds "11"]
[EventCountry "HUN"]
[SourceTitle "EXT 2009"]
[Source "ChessBase"]
[SourceDate "2008.11.26"]
[SourceVersion "1"]
[SourceVersionDate "2008.11.26"]
[SourceQuality "1"]

1. e4 c6 2. d4 d5 3. exd5 cxd5 4. Nf3 Nc6 5. Be2 Bg4 6. 0-0 e6 7. Nbd2 Bd6 8. Re1 Nge7 9. h3 Bh5 10. b3 Rc8 11. Bb2 h6 12. Ne5 Bxe2 13. Rxe2 Bxe5 14. dxe5 g6 15. c4 h5 16. cxd5 Nxd5 17. Ne4 0-0 18. Rd2 Qe7 19. Qf3 Rfd8 20. Rad1 Nb6 21. Nd6 Rb8 22. Qg3 Nd5 23. Rd3 Rd7 24. Rf3 Qd8 25. Nxf7 Nf4 26. Rxd7 Ne2+ 27. Kh2 Nxg3 28. Nxd8 Nf1+ 29. Kg1 Nxd8 30. Kxf1 1-0